| 000 | 01029nam a22002297a 4500 | ||
|---|---|---|---|
| 005 | 20101102143642.0 | ||
| 008 | 101102t xxu||||| |||| 00| 0 hin d | ||
| 010 | _aHIN-90930 | ||
| 020 |
_a9789380062167 _c195.00 |
||
| 035 | _aHN-63276 | ||
| 037 | _bDBAD / PUB | ||
| 040 |
_aDPL _bHN |
||
| 082 | _a181.4 | ||
| 100 |
_aजटाधारी _924105 |
||
| 245 |
_aभारतीय दार्शनिक चिंतन / _cजटाधारी |
||
| 246 |
_aBhartiya Darshanik Chintan _bby Jatadhari |
||
| 260 |
_aपटना _bजागृति साहित्य प्रकाशन _c2009 |
||
| 270 |
_aसाईस,कॉलेज के सामने, अशोक राजपथ _bपटना _e800006 |
||
| 300 |
_a118पृ. _c22सेमी (सजिल्द) |
||
| 942 |
_2ddc _cHN _h181.4 _mजटाधा |
||
| 999 |
_c48529 _d48529 |
||